Resource flows to less-developed countries: financial terms and their constraints (Record no. 366759)

000 -LEADER
fixed length control field 00487cam a22001337a 4500
008 - FIXED-LENGTH DATA ELEMENTS--GENERAL INFORMATION
fixed length control field 180718b1969 xxu||||| |||| 00| 0 eng d
082 ## - DEWEY DECIMAL CLASSIFICATION NUMBER
Classification number T000 G791
100 ## - MAIN ENTRY--PERSONAL NAME
Personal name Gray, Clive S.
245 ## - TITLE STATEMENT
Title Resource flows to less-developed countries: financial terms and their constraints
Statement of responsibility, etc. by Clive S. Gray
260 ## - PUBLICATION, DISTRIBUTION, ETC.
Place of publication, distribution, etc. New York
Name of publisher, distributor, etc. Praeger
Date of publication, distribution, etc. 1969
300 ## - PHYSICAL DESCRIPTION
Extent 305p.
440 ## - SERIES STATEMENT/ADDED ENTRY--TITLE
Title Praeger Special Studies in International Economics and Development
650 ## - SUBJECT ADDED ENTRY--TOPICAL TERM
Topical term or geographic name entry element Economic Assistance in Underdeveloped Areas
Holdings
Withdrawn status Lost status Damaged status Not for loan Permanent Location Current Location Date acquired Full call number Barcode Date last seen Price effective from Koha item type
        Indian Institute of Public Administration Indian Institute of Public Administration 1994-05-06 T000 G791 43874 2018-07-21 2018-07-21 Book

Powered by Koha